00342cam a22001218i 4500020003100000040000800031082002600039245003700065246005600102300001300158650001400171710003500185 a9781625275332 (alk. paper) cDLC00a658 HAR 2015 A116 Or.00aHBR guide to coaching employees.3 aHarvard Business Review guide to coaching employees apages cm 0aEmployees2 aHarvard Business Review Press.